Zgadnij kraj po jego stolicy. - Statystyki

Ogólne statystyki
  • Ten quiz został rozwiązany 107 razy
  • Średni wynik to 9 z 10
Statystyki odpowiedzi
Stolica Państwo % Poprawnych
Paryż Francja
99%
Rzym Włochy
99%
Tokio Japonia
98%
Ateny Grecja
97%
Waszyngton USA
97%
Pekin Chiny
92%
Reykjavik Islandia
85%
Nowe Delhi Indie
84%
Lima Peru
71%
Caracas Wenezuela
54%
Nie znaleziono quizów pasujących do podanych kryteriów
Rozkład punktacji
Procent ludzi z każdym wynikiem
Percentyl według liczby udzielonych odpowiedzi
Twoja historia wyników
Nie rozwiązałeś tego quizu